Szczegóły MARC21

Historie nieznane Historii /

001 -Numer kontrolny rekordu [,]
    • @
    • pole kontrolne
    • xx001133904
005 -Data i czas ostatniej zmiany [,]
    • @
    • Data ostatniej zmiany
    • 20241231085636.0
020 -Międzynarodowy znormalizowany numer książki - ISBN [ , ]
    • a
    • Numer ISBN
    • 9788301154905
035 -Inne numery kontrolne [ , ]
    • a
    • Numer kontrolny
    • (OCoLC)233519235
040 -Instytucja sporządzająca opis [ , ]
    • a
    • Instytucja, która sporządziła opis (NP)
    • WA U/78AM
    • c
    • Instytucja, która sporządziła rekord (NP)
    • WA U/AM
    • d
    • Instytucja, która zmodyfikowała rekord (P)
    • WA U/78AM
    • d
    • Instytucja, która zmodyfikowała rekord (P)
    • POZN U/MDs
080 -Uniwersalna Klasyfikacja Dziesiętna [ , ]
    • 2
    • Identyfikator wydania tablic
    • UDC-P058
    • a
    • Symbol klasyfikacji
    • 003.5
    • b
    • Dopowiedzenie
    • Materiały i narzędzia pisarskie. Kamień. Wosk. Papirus. Pergamin. Papier. Atrament. Rylec. Pióra.
080 -Uniwersalna Klasyfikacja Dziesiętna [ , ]
    • 2
    • Identyfikator wydania tablic
    • UDC-P058
    • a
    • Symbol klasyfikacji
    • 94(32)
    • b
    • Dopowiedzenie
    • Historia starożytna. - Egipt starożytny (do ok. 640 r.n.e.).
942 -Rodzaj dokumentu [ , ]
    • c
    • Rodzaj dokumentu
    • Książka
998 -Inne dane NUKAT [ , ]
    • a
    • Numer systemowy
    • vtls001133904
245 -Strefa tytułu i oznaczenia odpowiedzialności [1,0]
    • a
    • Tytuł
    • Historie nieznane Historii /
    • c
    • Pozostałe elementy strefy tytułu i oznaczenia odpowiedzialności (NP)
    • Anna Świderkówna.
250 -Strefa wydania [ , ]
    • a
    • Oznaczenie wydania (NP)
    • Wyd. 2.
260 -Strefa adresu wydawniczego [ , ]
    • a
    • Miejsce wydania (P)
    • Warszawa :
    • b
    • Nazwa wydawcy (P)
    • Wydawnictwo Naukowe PWN,
    • c
    • Data wydania (P)
    • 2008.
300 -Strefa opisu fizycznego [ , ]
    • a
    • Określenie formy książki i/lub objętość (NP)
    • 212, [4] s., [40] s. tabl. kolor. ;
    • c
    • Format (NP)
    • 21 cm.
336 -Typ zawartości [ , ]
    • a
    • Termin opisujący typ zawartości
    • Tekst
    • b
    • Typ/rodzaj nośnika
    • txt
    • 2
    • Źródło (termin i kod)
    • rdacontent
337 -Typ mediów [ , ]
    • a
    • Tryb odtwarzania
    • Bez urządzenia pośredniczącego
    • b
    • Kod typu mediów
    • n
    • 2
    • Źródło (termin i kod)
    • rdamedia
338 -Typ/rodzaj nośnika [ , ]
    • a
    • Hasło opisujące typ nośnika
    • Wolumin
    • b
    • Kod typu nośnika
    • nc
    • 2
    • Źródło (termin i kod)
    • rdacarrier
490 -Strefa serii i książki wielotomowej - forma nie do wyszukiwania [1, ]
    • a
    • Tytuł (P)
    • Dzieła wybrane / Anna Świderkówna
504 -Uwaga dot. bibliografii załącznikowej [ , ]
    • a
    • Uwaga dot. bibliografii załącznikowej
    • Indeksy.
651 -SUBJECT ADDED ENTRY--GEOGRAPHIC NAME [ ,7]
    • a
    • Geographic name
    • Egipt
    • y
    • Chronological subdivision
    • 332 p.n.e.-640 (Okres grecko-rzymski).
710 -Hasło dodatkowe - nazwa ciała zbiorowego [2, ]
    • a
    • Nazwa ciała zbiorowego lub nazwa geograficzna jako pierwszy element (NP)
    • Wydawnictwo Naukowe PWN.
    • 4
    • Określenie rodzaju współpracy
    • pbl
800 -Hasło dodatkowe opisu książki wielotomowej - nazwa osobowa [1, ]
    • a
    • Nazwa osobowa (NP)
    • Świderkówna, Anna
    • d
    • Daty biograficzne (NP)
    • (1925-2008).
920 -ISBN [ , ]
    • a
    • ISBN
    • 978-83-01-15490-5
952 -Egzemplarz [ , ]
    • p
    • Kod kreskowy
    • 2002600181644
    • a
    • Numer inwentarzowy
    • H.18164
    • d
    • Lokalizacja
    • BNS Biblioteka Humanistyczna i Nauk Społecznych
    • e
    • Akcesja
    • 08k185/8
    • r
    • Cena
    • 28.52
    • v
    • Data wprowadzenia opisu
    • 2008-09-22
    • w
    • Data inwentaryzacji
    • 2008-11-13
    • y
    • Status udostępniania
    • Tylko na miejscu
    • z
    • Sposób nabycia
    • kupno zwarte
952 -Egzemplarz [ , ]
    • a
    • Numer inwentarzowy
    • Z.111698
    • d
    • Lokalizacja
    • BG Dział Udostępniania Biblioteka Główna
    • e
    • Akcesja
    • 08k185/8
    • p
    • Kod kreskowy
    • 2000301116989
    • r
    • Cena
    • 28.52
    • v
    • Data wprowadzenia opisu
    • 2008-09-22
    • w
    • Data inwentaryzacji
    • 2008-11-13
    • y
    • Status udostępniania
    • Tylko na miejscu
    • z
    • Sposób nabycia
    • kupno zwarte
980 -Symbol UKD [ , ]
    • a
    • Symbol UKD
    • 003.5:94(32)